Super héros Marvel (moyen #2) - Statistiques

Statistiques générales
  • Ce quiz a été pris 182 fois
  • Le résultat moyen est 11 sur 16
Statistiques - réponses
Par images Réponse % Correct
La chose
95%
Le bouffon vert
89%
Le rhino
83%
Mysterio
80%
La torche humaine
78%
Le surfeur d'argent
77%
Docteur Octopus
75%
Le vautour
71%
Diablo
70%
Le caïd
68%
Le fléau
61%
Hulkbuster
58%
X-23
50%
Ronan l'accusateur
49%
Dent de sabre
44%
L'abomination
26%
Aucun quiz correspondant
Distribution des résultats
% des personnes avec chaque résultat
Percentile par nombre de réponses
Votre historique - résultats
Vous n’avez pas pris ce quiz